000
00452nam a2200181Ia 4500
008
090124s9999 xx 000 0 und d
082
_b
16403
_a
3844
100
_a
साठे अण्णाभाऊ
245
_a
आग
250
_a
1
260
_c
1967
300
_a
114
600
_a
साठे अण्णाभाऊ
630
_a
आग
700
_a
साठे अण्णाभाऊ
730
_a
आग
942
_c
BOOK
999
_c
130343
_d
130343